| 000 -LEADER |
| fixed length control field |
00351cam a22000977a 4500 |
| 008 - FIXED-LENGTH DATA ELEMENTS--GENERAL INFORMATION |
| fixed length control field |
180718b1962 xxu||||| |||| 00| 0 eng d |
| 082 ## - DEWEY DECIMAL CLASSIFICATION NUMBER |
| Classification number |
T2531096 M267/2 |
| 245 ## - TITLE STATEMENT |
| Title |
Second southern regional productivity conferece |
| Statement of responsibility, etc. |
by Madras Productivity Council |
| 260 ## - PUBLICATION, DISTRIBUTION, ETC. |
| Place of publication, distribution, etc. |
Madras |
| Name of publisher, distributor, etc. |
Madras Productivity Council |
| Date of publication, distribution, etc. |
1962 |
| 700 ## - ADDED ENTRY--PERSONAL NAME |
| Personal name |
Tamil Nadu. Madras Productivity Council |